[Event "Challenge"]
[Site "http://www.queenalice.com/game.php?id=397560"]
[Date "2008.5.3"]
[Round "-"]
[White "crevice"]
[Black "player_1"]
[Result "1-0"]
[WhiteElo "1892"]
[BlackElo "1470"]

1. e4 b6 2. d4 Bb7 3. Nc3 e6 4. a3 Nf6 5. Bd3 c5 6. Be3 c4 7. Bxc4 Be7 8. Qd3
O-O 9. Nge2 Nc6 10. f3 d5 11. Ba2 Rc8 12. O-O a6 13. e5 Ne8 14. f4 Nc7 15. Rf3
f5 16. exf6 Rxf6 17. Raf1 Qe8 18. Rg3 Bd6 19. Rg4 Ne7 20. Ng3 Nf5 21. Nxf5 exf5
22. Rg3 Qf7 23. Rh3 Re8 24. Rff3 Re4 25. Ne2 Bc8 26. Ng3 Re8 27. c3 a5 28. Bd2
Ba6 29. Qc2 Ne6 30. Bxd5 Qd7 31. Nxf5 Bxf4 32. Bxe6+ 1-0

[Event "Challenge"]
[Site "http://www.queenalice.com/game.php?id=420384"]
[Date "2008.6.20"]
[Round "-"]
[White "player_1"]
[Black "crevice"]
[Result "0-1"]
[WhiteElo "1468"]
[BlackElo "1894"]

1. Nf3 Nc6 2. c4 e5 3. e4 Bc5 4. Nc3 d6 5. Be2 f5 6. exf5 Bxf5 7. O-O Nf6 8. d3
O-O 9. Bg5 h6 10. Bxf6 Rxf6 11. Nd5 Rg6 12. Re1 Nd4 13. Nxd4 Bxd4 14. Nc3 Qh4
15. g3 Rxg3+ 16. hxg3 Qxg3+ 0-1

[Event "Challenge"]
[Site "http://www.queenalice.com/game.php?id=427687"]
[Date "2008.7.4"]
[Round "-"]
[White "crevice"]
[Black "player_1"]
[Result "1/2-1/2"]
[WhiteElo "1896"]
[BlackElo "1466"]

1. e4 c5 2. Nf3 Nf6 3. e5 Nd5 4. c4 Nb6 5. Nc3 Nc6 6. b3 e6 7. Ne4 Be7 8. Bb2
O-O 9. d4 cxd4 10. Nxd4 Nxe5 11. Nxe6 dxe6 12. Bxe5 Bb4+ 13. Bc3 Bxc3+ 14. Nxc3
Qxd1+ 15. Rxd1 Bd7 16. Be2 Bc6 17. O-O Rfd8 18. Rxd8+ Rxd8 19. Rd1 Rxd1+ 20.
Nxd1 Nd7 21. Ne3 Nf6 22. f3 Kf8 23. Kf2 Ke7 24. h3 b6 25. Bd3 1/2-1/2

[Event "Challenge"]
[Site "http://www.queenalice.com/game.php?id=431870"]
[Date "2008.7.12"]
[Round "-"]
[White "camilleetgeorges"]
[Black "crevice"]
[Result "0-1"]
[WhiteElo "1448"]
[BlackElo "1882"]

1. Nf3 Nc6 2. c4 e5 3. e4 Bc5 4. Nc3 d6 5. h3 f5 6. d3 Nf6 7. Be2 O-O 8. Bg5 h6
9. Bh4 Rf7 10. Nd5 g5 11. Nxf6+ Qxf6 12. Bg3 g4 13. hxg4 fxg4 14. Nh4 Bxf2+ 15.
Bxf2 Qxf2+ 16. Kd2 Nd4 17. Rf1 Qxh4 18. Rxf7 Kxf7 19. Qf1+ Ke7 20. Qh1 Qg5+ 0-1

[Event "Challenge"]
[Site "http://www.queenalice.com/game.php?id=438030"]
[Date "2008.7.24"]
[Round "-"]
[White "player_1"]
[Black "crevice"]
[Result "0-1"]
[WhiteElo "1480"]
[BlackElo "1902"]

1. d4 d5 2. c3 Nf6 3. Bf4 e6 4. Nf3 Bd6 5. Bxd6 Qxd6 6. Nbd2 O-O 7. e3 a6 8. Bd3
c5 9. O-O c4 10. Bc2 Nc6 11. e4 Qf4 12. Qb1 g6 13. b3 b5 14. b4 Ne7 15. Qc1 dxe4
16. Nxe4 Nh5 17. Qxf4 Nxf4 18. Rfe1 Bb7 19. Ne5 Nc6 20. Nd7 Rfd8 21. Nef6+ Kg7
22. Re4 Nd5 23. Nxd5 exd5 24. Ne5 dxe4 0-1

[Event "Challenge"]
[Site "http://www.queenalice.com/game.php?id=447159"]
[Date "2008.8.11"]
[Round "-"]
[White "Andre_Bidu"]
[Black "crevice"]
[Result "0-1"]
[WhiteElo "1939"]
[BlackElo "1884"]

1. e4 e5 2. Nf3 Nc6 3. Bb5 a6 4. Bxc6 dxc6 5. O-O f6 6. d4 exd4 7. Nxd4 Bd6 8.
Nb3 Ne7 9. Re1 O-O 10. Be3 Ng6 11. N1d2 f5 12. Bd4 a5 13. e5 Be7 14. Qe2 a4 15.
Qc4+ Kh8 16. Nc5 b6 17. Nxa4 b5 18. Qxc6 Rxa4 19. Bc3 Qd7 20. Qxd7 Bxd7 21. e6
Bc8 22. Be5 Ra6 23. Bxc7 Bxe6 24. Nb3 Rc8 25. Be5 Bg8 26. Nd4 Nxe5 27. Rxe5 Bf6
28. f4 Rc5 29. b3 Bxe5 30. fxe5 Rxe5 31. Nf3 Rc5 32. Ne1 Ra3 33. Kf2 Rc7 34. Ke3
Rca7 35. Kd4 Bf7 36. Kc5 Be8 37. Nf3 Rxa2 38. Rxa2 Rxa2 39. Nd4 f4 40. Kb4 Ra6
41. Ne2 Rf6 42. Ka5 Bc6 43. Nc1 Bxg2 44. Nd3 Bf1 45. Nf2 Rc6 46. c4 bxc4 47.
bxc4 Rxc4 48. h4 Rc2 0-1

[Event "Challenge"]
[Site "http://www.queenalice.com/game.php?id=474170"]
[Date "2008.10.7"]
[Round "-"]
[White "crevice"]
[Black "player_1"]
[Result "1-0"]
[WhiteElo "1911"]
[BlackElo "1478"]

1. e4 e5 2. Nf3 Nc6 3. Bc4 Bc5 4. a3 Nf6 5. d3 O-O 6. O-O d6 7. Nc3 Bg4 8. Be3
Nd4 9. Bxd4 Bxd4 10. h3 Be6 11. Nd2 Qe7 12. Bxe6 fxe6 13. Qe1 a6 14. Nf3 Ba7 15.
Kh1 Rad8 16. Rd1 Nh5 17. Ne2 Nf4 18. Nxf4 Rxf4 19. Qe2 Rdf8 20. Rd2 Qf6 21. c3
b5 22. d4 c6 23. Nh2 exd4 24. cxd4 Qg6 25. f3 Bb6 26. b4 a5 27. Ng4 a4 28. d5
exd5 29. exd5 Re8 30. Qd1 c5 31. Re1 cxb4 32. Rxe8+ Qxe8 33. Re2 Qd7 34. Qe1 Qc7
35. Re7 1-0

[Event "Challenge"]
[Site "http://www.queenalice.com/game.php?id=508273"]
[Date "2008.12.15"]
[Round "-"]
[White "player_1"]
[Black "crevice"]
[Result "0-1"]
[WhiteElo "1523"]
[BlackElo "1913"]

1. Nf3 Nc6 2. c4 Nf6 3. Nc3 d5 4. g3 e5 5. cxd5 Nxd5 6. Bg2 Be6 7. O-O Be7 8. d3
Qd7 9. Bd2 h5 10. Nxd5 Bxd5 11. Bc3 O-O-O 12. a4 f6 13. a5 a6 14. Qc2 g5 15. b4
Bxf3 16. Bxf3 g4 17. Bg2 h4 18. b5 Nb4 19. Bxb4 Bxb4 20. bxa6 bxa6 21. Rfc1 hxg3
22. Qc4 gxf2+ 23. Kf1 Qd6 24. Qxg4+ Rd7 25. Bc6 Bd2 26. Qxd7+ Qxd7 27. Bxd7+
Kxd7 28. Kxf2 Rxh2+ 29. Kf3 Bxc1 30. Rxc1 Rh4 31. e4 Rh3+ 32. Ke2 Rh2+ 33. Ke3
Ra2 34. Rc5 c6 35. d4 Ra3+ 0-1

[Event "Challenge"]
[Site "http://www.queenalice.com/game.php?id=521459"]
[Date "2009.1.12"]
[Round "-"]
[White "crevice"]
[Black "player_1"]
[Result "0-1"]
[WhiteElo "1915"]
[BlackElo "1519"]

1. e4 d5 2. exd5 Nf6 3. c4 c6 4. Nc3 cxd5 5. cxd5 Nxd5 6. Bc4 Nxc3 7. Qf3 e6 8.
dxc3 Nc6 9. Be3 Be7 10. Rd1 Qa5 11. Ne2 Ne5 12. Qf4 Nxc4 13. Qxc4 O-O 14. O-O e5
15. Ng3 Be6 16. Qe4 Qc7 17. Qc2 a6 18. Ne4 Rfd8 19. Rxd8+ Rxd8 20. a4 Qc6 21.
Ng5 Bxg5 22. Bxg5 f6 23. Rd1 Rxd1+ 0-1

[Event "Challenge"]
[Site "http://www.queenalice.com/game.php?id=526304"]
[Date "2009.1.20"]
[Round "-"]
[White "Maffu"]
[Black "crevice"]
[Result "0-1"]
[WhiteElo "1799"]
[BlackElo "1885"]

1. e4 e5 2. Nc3 Nf6 3. f4 d5 4. fxe5 Nxe4 5. Nf3 Bc5 6. d4 Bb4 7. Bd3 Nxc3 8.
bxc3 Bxc3+ 9. Bd2 Bxa1 10. Qxa1 O-O 11. O-O Nc6 12. c4 dxc4 13. Bxc4 Be6 14. Bg5
Qd7 15. Bd3 h6 16. Bxh6 gxh6 17. Qc1 Kg7 18. Qf4 f6 19. Nh4 Qxd4+ 20. Qxd4 Nxd4
21. exf6+ Rxf6 22. Re1 Bxa2 23. Re4 Rd8 24. Re7+ Bf7 25. Bc4 Ne6 26. g4 Rd1+ 27.
Kg2 Kf8 28. Ng6+ Rxg6 0-1

[Event "Challenge"]
[Site "http://www.queenalice.com/game.php?id=528184"]
[Date "2009.1.24"]
[Round "-"]
[White "player_1"]
[Black "crevice"]
[Result "0-1"]
[WhiteElo "1573"]
[BlackElo "1905"]

1. b3 d5 2. Bb2 Nc6 3. e3 e5 4. Bb5 Bd6 5. Nf3 Bg4 6. Be2 Nf6 7. O-O O-O 8. d3
Qe7 9. Nbd2 Rad8 10. Re1 Bxf3 11. Bxf3 e4 12. dxe4 dxe4 13. Bxf6 Qxf6 14. Bxe4
Bb4 15. Re2 Rxd2 16. Rxd2 Bxd2 17. Bxh7+ Kxh7 0-1

[Event "Challenge"]
[Site "http://www.queenalice.com/game.php?id=532232"]
[Date "2009.1.30"]
[Round "-"]
[White "crevice"]
[Black "player_1"]
[Result "1-0"]
[WhiteElo "1908"]
[BlackElo "1570"]

1. e4 e5 2. Nf3 f5 3. Nxe5 Qe7 4. d4 d6 5. Qh5+ g6 6. Nxg6 Qxe4+ 7. Be3 Nf6 8.
Qh3 Qxc2 9. Nc3 Qxb2 10. Rc1 Nc6 11. Nxh8 f4 12. Qf3 fxe3 13. Qxe3+ Be7 14. Bb5
Ng4 15. Qf4 Nxf2 16. O-O 1-0

[Event "Challenge"]
[Site "http://www.queenalice.com/game.php?id=533435"]
[Date "2009.2.1"]
[Round "-"]
[White "ORNELAS"]
[Black "crevice"]
[Result "0-1"]
[WhiteElo "1683"]
[BlackElo "1912"]

1. d4 d5 2. e3 Nf6 3. c4 e6 4. c5 c6 5. Nf3 b6 6. b4 a5 7. a3 axb4 8. Nbd2 bxc5
9. dxc5 Bxc5 10. Be2 bxa3 11. O-O Nbd7 12. Nb3 Bd6 13. Bd3 O-O 14. Nbd4 Bb7 15.
Qc2 Qc7 16. g3 e5 17. Nf5 e4 18. Be2 exf3 19. Bxf3 Bc5 20. Qc3 Qa5 21. Qb3 Ba6
22. Rd1 Bc4 23. Qc2 Ne5 24. Kg2 Nxf3 25. Kxf3 Qa4 26. Qxa4 Rxa4 27. Bd2 Ne4 28.
Kg2 Be2 29. Re1 Bg4 30. Nd4 Bxd4 31. exd4 Nxd2 32. Re7 Bf3+ 33. Kh3 f5 34. Ra2
Rf6 35. Rxd2 Rh6# 0-1

[Event "Challenge"]
[Site "http://www.queenalice.com/game.php?id=533488"]
[Date "2009.2.2"]
[Round "-"]
[White "player_1"]
[Black "crevice"]
[Result "1/2-1/2"]
[WhiteElo "1587"]
[BlackElo "1924"]

1. Nf3 Nc6 2. g3 e5 3. Bg2 d5 4. O-O Nf6 5. d3 Bd6 6. c3 h6 7. Nbd2 g5 8. e4
dxe4 9. Nxe4 Nxe4 10. dxe4 Be6 11. Be3 Qe7 12. Re1 O-O-O 13. Qe2 g4 14. Nh4 Kb8
15. b4 b6 16. a4 Rdf8 17. a5 Qd7 18. Reb1 Ne7 19. Qa6 Qc8 20. axb6 Qxa6 21.
bxa7+ Kb7 22. Rxa6 Kxa6 23. Bf1+ Kb7 24. Ra1 Ra8 25. Ba6+ Kc6 26. b5+ Kd7 27.
Bb7 Bc4 28. Bxa8 Rxa8 29. b6 cxb6 30. Bxb6 Nc6 31. Nf5 Ke6 32. Nxh6 Be2 33. Nf5
Bb8 34. Re1 Bf3 35. axb8=Q Rxb8 36. Be3 Rb3 37. Bd2 Rb2 38. Bg5 f6 39. Bh6 Rc2
40. Rc1 Rxc1+ 41. Bxc1 Bxe4 42. Ne3 f5 43. Kf1 Na5 44. Ke1 Nb3 45. Bd2 Nc5 46.
Kf1 Bd3+ 47. Ke1 Ne4 48. Nd1 Kd5 49. Ne3+ Ke6 50. Nd1 1/2-1/2

[Event "Challenge"]
[Site "http://www.queenalice.com/game.php?id=538405"]
[Date "2009.2.11"]
[Round "-"]
[White "ORNELAS"]
[Black "crevice"]
[Result "0-1"]
[WhiteElo "1642"]
[BlackElo "1919"]

1. d4 d5 2. e3 Nf6 3. c4 e6 4. c5 b6 5. b4 a5 6. Bd2 axb4 7. Bxb4 bxc5 8. dxc5
Ne4 9. Nd2 Nxf2 10. Kxf2 Qh4+ 11. g3 Qxb4 12. Nb3 Bxc5 13. Qd3 Nd7 14. Qc2 d4
15. Bg2 dxe3+ 16. Ke2 Ba6+ 17. Kd1 O-O-O 18. Ne2 Ne5+ 19. Kc1 Qa3+ 20. Qb2 Nd3+
21. Kd1 Qxb2 22. Nec1 Nf2+ 23. Ke1 Rd1# 0-1

[Event "Challenge"]
[Site "http://www.queenalice.com/game.php?id=544925"]
[Date "2009.2.22"]
[Round "-"]
[White "crevice"]
[Black "fac"]
[Result "1-0"]
[WhiteElo "1911"]
[BlackElo "2216"]

1. e4 e5 2. Nf3 Nc6 3. Bc4 Bc5 4. a3 Nf6 5. d3 d6 6. Nc3 Bg4 7. h3 Bh5 8. g4 Bg6
9. Be3 Bxe3 10. fxe3 O-O 11. Qe2 Na5 12. Ba2 Nc6 13. h4 h6 14. g5 hxg5 15. hxg5
Nh7 16. O-O-O a5 17. Nh4 Qxg5 18. Nxg6 Qxg6 19. Rdg1 Ng5 20. Rh5 Rfe8 21. Rgxg5
Qf6 22. Qh2 Qf1+ 23. Kd2 Kf8 24. Nd5 Ne7 25. Rh8+ Ng8 26. Rxg7 Qf2+ 27. Qxf2
Kxg7 28. Qh4 1-0

[Event "Challenge"]
[Site "http://www.queenalice.com/game.php?id=544930"]
[Date "2009.2.22"]
[Round "-"]
[White "crevice"]
[Black "player_1"]
[Result "1-0"]
[WhiteElo "1939"]
[BlackElo "1596"]

1. e4 e5 2. Nf3 d6 3. d4 exd4 4. Nxd4 Nf6 5. Nc3 Be7 6. Bd3 O-O 7. O-O Nbd7 8.
f4 Nc5 9. e5 dxe5 10. fxe5 Qxd4+ 11. Kh1 Nxd3 12. exf6 Nf2+ 13. Rxf2 Qxf2 14.
fxe7 Re8 15. Bg5 Be6 16. Qd3 f6 17. Ne4 Qb6 18. Bxf6 gxf6 19. Nxf6+ Kf7 20. Rf1
Kxe7 21. Qxh7+ Kd6 22. Rd1+ Kc5 23. Nxe8 Bd5 24. Qe7+ Kc4 25. Nxc7 Bxg2+ 26.
Kxg2 Rg8+ 27. Kf3 1-0

[Event "Challenge"]
[Site "http://www.queenalice.com/game.php?id=549730"]
[Date "2009.3.3"]
[Round "-"]
[White "player_1"]
[Black "crevice"]
[Result "0-1"]
[WhiteElo "1600"]
[BlackElo "1941"]

1. f4 d5 2. Nf3 Nf6 3. g3 Bf5 4. d3 e6 5. Bg2 Bc5 6. e3 c6 7. Nc3 O-O 8. O-O
Nbd7 9. Kh1 Qc7 10. d4 Bb4 11. Ne2 Bd6 12. Nc3 a6 13. Ne5 c5 14. Qe2 cxd4 15.
exd4 b5 16. Be3 b4 17. Nd1 Qxc2 18. Qxc2 Bxc2 19. Nf2 a5 20. Rac1 Rac8 21. Nh3
a4 22. Bf3 Be7 23. Ng5 h6 24. Ngxf7 Nxe5 25. Nxe5 Bd6 26. Rf2 Be4 27. Bxe4 Rxc1+
28. Bxc1 Nxe4 29. Rc2 b3 30. axb3 axb3 31. Rc6 Bxe5 32. dxe5 d4 33. Kg2 d3 0-1

[Event "Challenge"]
[Site "http://www.queenalice.com/game.php?id=556652"]
[Date "2009.3.15"]
[Round "-"]
[White "crevice"]
[Black "player_1"]
[Result "1-0"]
[WhiteElo "1943"]
[BlackElo "1598"]

1. e4 a6 2. d4 b5 3. c4 b4 4. b3 e6 5. Nf3 Bb7 6. d5 Be7 7. Bb2 Bf6 8. e5 Bg5 9.
Be2 a5 10. O-O c5 11. a3 Na6 12. Nxg5 Qxg5 13. f4 Qd8 14. Bf3 Rb8 15. Nd2 Ne7
16. Ne4 Nf5 17. Bc1 bxa3 18. g4 Nd4 19. Bxa3 Nb4 20. Bxb4 axb4 21. Nd6+ Kf8 22.
Nxb7 Rxb7 23. dxe6 Nxf3+ 24. Qxf3 Rc7 25. exd7 Ke7 26. Qe3 Qxd7 27. f5 Qd4 28.
f6+ gxf6 29. exf6+ 1-0

[Event "Challenge"]
[Site "http://www.queenalice.com/game.php?id=560292"]
[Date "2009.3.23"]
[Round "-"]
[White "fac"]
[Black "crevice"]
[Result "1/2-1/2"]
[WhiteElo "2191"]
[BlackElo "1949"]

1. e4 e5 2. Nf3 Nc6 3. d4 exd4 4. Nxd4 Qh4 5. Nc3 Bb4 6. Nb5 Qxe4+ 7. Be2 Bxc3+
8. bxc3 Kd8 9. O-O Nf6 10. Nd4 d5 11. Nxc6+ bxc6 12. Bg5 Rb8 13. Qd4 Qxd4 14.
cxd4 Bf5 15. c3 Rb2 16. Bh5 Re8 17. Bxf7 Re7 18. Bxf6 gxf6 19. Bh5 Bd3 20. Rfc1
Be2 21. f3 Bd3 22. Re1 Rxe1+ 23. Rxe1 Rxa2 24. Re3 Ra1+ 25. Kf2 Bf5 26. Re8+ Kd7
27. Rf8 Ra2+ 28. Kg3 Ke6 29. Re8+ Kd7 30. Rg8 Bd3 31. Bg4+ f5 32. Rg7+ Kd6 33.
Bh3 Re2 34. Kf4 Re7 35. Rg8 Rf7 36. Rd8+ Ke7 37. Ra8 a6 38. Ke3 Bc4 39. Kf4 Bd3
40. g3 Ke6 41. Re8+ Re7 42. Rf8 Rf7 43. Re8+ Re7 44. Rf8 Rf7 45. Re8+ 1/2-1/2

[Event "Challenge"]
[Site "http://www.queenalice.com/game.php?id=563267"]
[Date "2009.3.28"]
[Round "-"]
[White "player_1"]
[Black "crevice"]
[Result "0-1"]
[WhiteElo "1572"]
[BlackElo "1945"]

1. e4 e5 2. d4 exd4 3. Qxd4 Nc6 4. Qd1 Bc5 5. Nf3 Nge7 6. Bc4 O-O 7. O-O d6 8.
Nc3 a6 9. Bg5 Be6 10. Nd5 Qd7 11. Nxe7+ Nxe7 12. Bxe7 Qxe7 13. Bxe6 fxe6 14. b3
c6 15. c4 Rad8 16. Qe2 e5 17. Rad1 Rf7 18. h3 Rdf8 19. Qd2 Rxf3 20. gxf3 Rxf3
0-1

[Event "Challenge"]
[Site "http://www.queenalice.com/game.php?id=566955"]
[Date "2009.4.4"]
[Round "-"]
[White "player_1"]
[Black "crevice"]
[Result "0-1"]
[WhiteElo "1570"]
[BlackElo "1947"]

1. d4 d5 2. c4 Nf6 3. cxd5 Nxd5 4. e4 Nf6 5. Nc3 e6 6. Nf3 Bb4 7. Qc2 O-O 8. Bd3
h6 9. Bd2 Qe7 10. O-O Bxc3 11. Bxc3 Rd8 12. a3 c5 13. Rac1 Nc6 14. dxc5 e5 15.
b4 Bg4 16. Nd2 Rac8 17. Nc4 Nd4 18. Bxd4 Rxd4 19. f3 Bd7 20. Qe2 Bb5 21. Nxe5
Bxd3 22. Nxd3 Rcd8 23. Rfd1 Qd7 24. Nf2 Qa4 25. Rxd4 Rxd4 26. Qa2 Rxb4 0-1